Poe’s heart and the mountain climber : Exploring the effect of anxiety on our brains and our culture

Spremljeno u:
Bibliografski detalji
Glavni autor: Restak, Richard M.
Format: Knjiga
Jezik:Undetermined
Izdano: New York Random House Audio 2004
Teme:
Oznake: Dodaj oznaku
Bez oznaka, Budi prvi tko označuje ovaj zapis!
Thư viện lưu trữ: Trung tâm Học liệu Trường Đại học Cần Thơ
LEADER 00597nam a2200205Ia 4500
001 CTU_139614
008 210402s9999 xx 000 0 und d
020 |c 6.9 
082 |a 152.46 
082 |b R436/CD.4 
100 |a Restak, Richard M. 
245 0 |a Poe’s heart and the mountain climber : 
245 0 |b Exploring the effect of anxiety on our brains and our culture 
245 0 |c Richard Restak 
260 |a New York 
260 |b Random House Audio 
260 |c 2004 
650 |a Anxiety,Lo âu 
904 |i Duy Bằng 
980 |a Trung tâm Học liệu Trường Đại học Cần Thơ